| 000 | 01470nam0a2200337 4500 | ||
|---|---|---|---|
| 001 | RU\NLR\BIBL_A\012736899 | ||
| 005 | 20220524160542.0 | ||
| 010 |
_a978-5-389-10543-0 _910000 |
||
| 021 |
_aRU _bКН-П-21-084850 _9КН-П-21-6759 |
||
| 035 | _a(NLR Aleph) 012736899 | ||
| 090 |
_a12990001 _c12990001 |
||
| 100 | _a20220322d2021 c y0rusy50 ca | ||
| 101 | 1 |
_arus _ceng |
|
| 102 | _aRU | ||
| 105 | _aa|||z|||000zy | ||
| 181 | 0 |
_ai _baxxe |
|
| 182 | 0 | _an | |
| 200 | 1 |
_aУдивительное путешествие кролика Эдварда _eсказочная повесть _e[для младшего школьного возраста] _fКейт ДиКамилло _gперевод с английского: Ольга Варшавер _gхудожник: Баграм Ибатуллин |
|
| 203 |
_aТекст _bвизуальный _cнепосредственный |
||
| 210 |
_aМосква _cМахаон _cАзбука-Аттикус _d2021 |
||
| 215 |
_a142, [1] с. _cил. _d22 |
||
| 225 | 1 | _aЧтение - лучшее учение | |
| 333 | _a0+ | ||
| 686 | 0 | _aШ9(7США)60-4 | |
| 700 | 1 |
_7ca _8rus _aДиКамилло _bК. _f1964- _gКейт _974138 _3RU\NLR\AUTH\7791211 |
|
| 702 | 1 |
_4440 _aИбатуллин _bБ. _cиллюстратор детских книг _gБаграм _9185797 _3RU\NLR\AUTH\770185848 |
|
| 942 | _cBOOK | ||
| 980 | _aNB | ||